[Event "Liga Madrid 2009-2010 Division de Honor"]
[Site "Madrid ESP"]
[Date "2009.11.22"]
[Round "1.11"]
[White "Roa Alonso, Santiago"]
[Black "Almagro Llamas, Pablo"]
[Result "1/2-1/2"]
[WhiteElo "2412"]
[BlackElo "2453"]
[PlyCount "86"]
[EventDate "2009.11.22"]
[EventType "team"]
[EventRounds "14"]
[EventCountry "ESP"]
[Source "lmi"]
[SourceDate "2009.11.22"]

1. e4 c6 2. d4 d5 3. exd5 cxd5 4. c4 Nf6 5. Nc3 Nc6 6. Nf3 Bg4 7. cxd5 Nxd5 8.
Qb3 Bxf3 9. gxf3 e6 10. Qxb7 Nxd4 11. Bb5+ Nxb5 12. Qc6+ Ke7 13. Qxb5 Qd7 14.
Nxd5+ Qxd5 15. Qxd5 exd5 16. Be3 Ke6 17. O-O-O Bb4 18. Bd4 Rhc8+ 19. Kb1 f6 20.
Rhg1 Rc7 21. Rc1 Rxc1+ 22. Rxc1 Bd6 23. h3 Kd7 24. Rg1 g6 25. Kc2 Be5 26. Kd3
Rc8 27. Rg4 Ke6 28. Bxe5 fxe5 29. Ra4 Rc7 30. Ra6+ Kf5 31. b4 Kf4 32. Rf6+ Kg5
33. Re6 Kf4 34. Rf6+ Kg5 35. Re6 Kh4 36. Rxe5 Kxh3 37. Rg5 Rf7 38. Ke3 d4+ 39.
Ke4 Rd7 40. Kd3 Rd6 41. b5 h5 42. a4 a6 43. Rg1 axb5 1/2-1/2

[Event "Liga Madrid 2009-2010 Division de Honor"]
[Site "Madrid ESP"]
[Date "2009.11.22"]
[Round "1.12"]
[White "Rubio Mejia, Luis Ignacio"]
[Black "Lorite Cruz, Francisco"]
[Result "1-0"]
[WhiteElo "2350"]
[BlackElo "2073"]
[PlyCount "71"]
[EventDate "2009.11.22"]
[EventType "team"]
[EventRounds "14"]
[EventCountry "ESP"]
[Source "lmi"]
[SourceDate "2009.11.22"]

1. d4 Nf6 2. c4 e5 3. dxe5 Ng4 4. Bf4 Bb4+ 5. Nd2 Nc6 6. Ngf3 Qe7 7. e3 Ngxe5
8. Nxe5 Nxe5 9. Be2 O-O 10. O-O Ng6 11. Bg3 Bd6 12. Nf3 Bxg3 13. hxg3 d6 14.
Rc1 Bg4 15. Qb3 b6 16. Nd4 Bxe2 17. Nxe2 Ne5 18. Nf4 Rfe8 19. Rfd1 Ng4 20. Nd5
Qd7 21. Rd4 Ne5 22. Qc2 Ng6 23. a3 a5 24. b3 Re5 25. Rcd1 Rae8 26. Qc3 Re4 27.
b4 axb4 28. axb4 Rxd4 29. Qxd4 Qc6 30. b5 Qd7 31. Ra1 Ne7 32. Nxe7+ Qxe7 33.
Ra7 Rc8 34. Qxb6 Qe4 35. Rxc7 Re8 36. Qc6 1-0

[Event "Liga Madrid 2009-2010 Division de Honor"]
[Site "Madrid ESP"]
[Date "2009.11.22"]
[Round "1.13"]
[White "San Juan Rodriguez, Miguel"]
[Black "Anton Guijarro, David"]
[Result "1/2-1/2"]
[WhiteElo "2073"]
[BlackElo "2300"]
[PlyCount "45"]
[EventDate "2009.11.22"]
[EventType "team"]
[EventRounds "14"]
[EventCountry "ESP"]
[Source "lmi"]
[SourceDate "2009.11.22"]

1. e4 e6 2. d4 d5 3. Nc3 Nf6 4. e5 Nfd7 5. Nce2 c5 6. c3 Nc6 7. f4 Be7 8. Nf3
O-O 9. h4 f6 10. Rh3 Qb6 11. a3 Na5 12. b4 cxb4 13. axb4 Nc4 14. Neg1 fxe5 15.
fxe5 Rf7 16. Bd3 Nf8 17. Qe2 Qc7 18. Ng5 Nxe5 19. Nxf7 Qxc3+ 20. Kd1 Nxd3 21.
Rb1 Nxc1 22. Nh6+ Kh8 23. Nf7+ 1/2-1/2

[Event "Liga Madrid 2009-2010 Division de Honor"]
[Site "Madrid ESP"]
[Date "2009.11.22"]
[Round "1.14"]
[White "Perez De Aranda Alonso, Leonardo"]
[Black "Gordillo Lopez, Manuel"]
[Result "1-0"]
[WhiteElo "2216"]
[BlackElo "2030"]
[PlyCount "37"]
[EventDate "2009.11.22"]
[EventType "team"]
[EventRounds "14"]
[EventCountry "ESP"]
[Source "lmi"]
[SourceDate "2009.11.22"]

1. b3 e5 2. Bb2 Nc6 3. e3 a6 4. c4 Nf6 5. Be2 d5 6. Nf3 Bd6 7. O-O Qe7 8. d4 e4
9. Nfd2 h5 10. h3 Bb4 11. Qc2 Bf5 12. Nc3 Bxc3 13. Qxc3 Qd7 14. f3 Rh6 15. fxe4
dxe4 16. Rf2 Rg6 17. d5 Ne7 18. Qe5 Qd6 19. Rxf5 1-0

[Event "Liga Madrid 2009-2010 Division de Honor"]
[Site "Madrid ESP"]
[Date "2009.11.22"]
[Round "1.15"]
[White "Tipter, Napoleon"]
[Black "Rodriguez De Castro, Ayar"]
[Result "1-0"]
[WhiteElo "2048"]
[BlackElo "2113"]
[PlyCount "95"]
[EventDate "2009.11.22"]
[EventType "team"]
[EventRounds "14"]
[EventCountry "ESP"]
[Source "lmi"]
[SourceDate "2009.11.22"]

1. e4 d6 2. d4 Nf6 3. Nc3 Nbd7 4. Nf3 e5 5. dxe5 dxe5 6. Bc4 Bc5 7. O-O c6 8.
Bg5 O-O 9. Bb3 a5 10. a3 b5 11. h3 Qc7 12. Re1 Bb7 13. Nh4 b4 14. Na4 Ba7 15.
Qf3 c5 16. Bd5 Bxd5 17. exd5 e4 18. Qe2 Qe5 19. Bxf6 Nxf6 20. c4 g5 21. Nf3 Qe8
22. Qc2 h6 23. Nd2 Qd7 24. Nxe4 Nxe4 25. Rxe4 Rab8 26. b3 Rbe8 27. Rae1 bxa3
28. Nc3 Rxe4 29. Qxe4 Bb8 30. Nb5 a2 31. Qe2 Qf5 32. Qxa2 Qf4 33. g3 Qf5 34.
Kg2 h5 35. Qb1 Qf6 36. Qa1 Qf5 37. Qxa5 g4 38. hxg4 hxg4 39. Qc3 f6 40. Qe3 Be5
41. Qe4 Qg5 42. Rh1 Rf7 43. d6 Qg7 44. Qa8+ Rf8 45. Qd5+ Qf7 46. Qxf7+ Kxf7 47.
Rh7+ Ke8 48. Nc7+ 1-0

[Event "Liga Madrid 2009-2010 Division de Honor"]
[Site "Madrid ESP"]
[Date "2009.11.22"]
[Round "1.16"]
[White "Vazquez Torres, Adrian"]
[Black "Lopez Ayala, Pedro"]
[Result "1-0"]
[WhiteElo "2144"]
[BlackElo "2012"]
[PlyCount "47"]
[EventDate "2009.11.22"]
[EventType "team"]
[EventRounds "14"]
[EventCountry "ESP"]
[Source "lmi"]
[SourceDate "2009.11.22"]

1. e4 c5 2. Nf3 d6 3. d4 cxd4 4. Nxd4 Nf6 5. Nc3 a6 6. Bc4 e6 7. Bb3 Bd7 8. O-O
Nc6 9. Be3 Rc8 10. f4 Be7 11. Qf3 O-O 12. h3 Na5 13. Rad1 Qc7 14. Qg3 b5 15. a3
Nc4 16. Bxc4 Qxc4 17. f5 e5 18. Bh6 Nh5 19. Qg4 exd4 20. Nd5 Bd8 21. Qxh5 gxh6
22. Rd3 f6 23. Rg3+ Kh8 24. Qg4 1-0

[Event "Liga Madrid 2009-2010 Division de Honor"]
[Site "Madrid ESP"]
[Date "2009.11.22"]
[Round "1.21"]
[White "Garcia Luengo, Leandro"]
[Black "Valles Moreno, Ivan"]
[Result "1/2-1/2"]
[WhiteElo "2308"]
[BlackElo "2424"]
[PlyCount "20"]
[EventDate "2009.11.22"]
[EventType "team"]
[EventRounds "14"]
[EventCountry "ESP"]
[Source "lmi"]
[SourceDate "2009.11.22"]

1. e4 c5 2. Nf3 e6 3. Nc3 a6 4. b3 Nc6 5. Bb2 d6 6. d4 cxd4 7. Nxd4 Bd7 8. Nxc6
Bxc6 9. Bd3 Nf6 10. O-O Be7 1/2-1/2

[Event "Liga Madrid 2009-2010 Division de Honor"]
[Site "Madrid ESP"]
[Date "2009.11.22"]
[Round "1.22"]
[White "Sanchez Gonzalez, Sergio"]
[Black "Garcia Pichon, Eduardo"]
[Result "1-0"]
[WhiteElo "2322"]
[BlackElo "2282"]
[PlyCount "53"]
[EventDate "2009.11.22"]
[EventType "team"]
[EventRounds "14"]
[EventCountry "ESP"]
[Source "lmi"]
[SourceDate "2009.11.22"]

1. c4 e5 2. Nc3 Nc6 3. e3 g6 4. d4 d6 5. Nf3 Bg7 6. Be2 Nge7 7. O-O O-O 8. d5
Nb8 9. Rb1 a5 10. a3 f5 11. b4 axb4 12. axb4 e4 13. Nd4 g5 14. Bb2 Ng6 15. c5
Qe7 16. c6 bxc6 17. dxc6 Na6 18. Bc4+ Kh8 19. Nd5 Qd8 20. Ra1 Ne5 21. Qc2 g4
22. b5 Qh4 23. bxa6 Rg8 24. Nf4 Bxa6 25. Bxg8 Rxg8 26. Rxa6 Bh6 27. Nxf5 1-0

[Event "Liga Madrid 2009-2010 Division de Honor"]
[Site "Madrid ESP"]
[Date "2009.11.22"]
[Round "1.23"]
[White "Salcedo Tornero, Pablo"]
[Black "Perez Gonzalez, Jose Manuel"]
[Result "0-1"]
[WhiteElo "2184"]
[BlackElo "2332"]
[PlyCount "48"]
[EventDate "2009.11.22"]
[EventType "team"]
[EventRounds "14"]
[EventCountry "ESP"]
[Source "lmi"]
[SourceDate "2009.11.22"]

1. g3 g6 2. Bg2 Bg7 3. d3 d6 4. e4 c5 5. Ne2 Nc6 6. Nd2 Rb8 7. O-O Nf6 8. h3
O-O 9. f4 Nd7 10. f5 b5 11. Nf3 Nde5 12. Nh4 b4 13. Be3 a5 14. Qc1 a4 15. Bh6
b3 16. Bxg7 Kxg7 17. axb3 axb3 18. fxg6 hxg6 19. Ra3 bxc2 20. Qxc2 Qb6 21. Rf2
Qxb2 22. Qa4 Rb4 23. Ra2 Qb1+ 24. Rf1 Rxa4 0-1

[Event "Liga Madrid 2009-2010 Division de Honor"]
[Site "Madrid ESP"]
[Date "2009.11.22"]
[Round "1.24"]
[White "Vallejo Diaz, Javier"]
[Black "Piña Sierra, Julia"]
[Result "1-0"]
[WhiteElo "2310"]
[BlackElo "2061"]
[PlyCount "73"]
[EventDate "2009.11.22"]
[EventType "team"]
[EventRounds "14"]
[EventCountry "ESP"]
[Source "lmi"]
[SourceDate "2009.11.22"]

1. e4 c5 2. Nf3 d6 3. Bb5+ Bd7 4. Bxd7+ Qxd7 5. O-O Nc6 6. c3 Nf6 7. Re1 e5 8.
d4 cxd4 9. cxd4 Be7 10. Nc3 O-O 11. Bg5 Rac8 12. Qd2 exd4 13. Nxd4 Nxd4 14.
Qxd4 Rfd8 15. Rad1 Qg4 16. Be3 a6 17. h3 Qe6 18. Bg5 h6 19. Bh4 Rc4 20. Qd3 Rc6
21. Nd5 Re8 22. f4 Bd8 23. Nc3 Bb6+ 24. Kh1 Ba5 25. e5 Bxc3 26. bxc3 dxe5 27.
Rxe5 Qc8 28. c4 Rce6 29. Qg3 Ne4 30. Qe3 f6 31. Qxe4 fxe5 32. f5 Rc6 33. Qd5+
Kh7 34. f6 Qf5 35. Qf7 Rg8 36. Rd8 Rc8 37. Qxg8+ 1-0

[Event "Liga Madrid 2009-2010 Division de Honor"]
[Site "Madrid ESP"]
[Date "2009.11.22"]
[Round "1.25"]
[White "Garcia Diaz, Victor"]
[Black "Fernandez Garcia, Miguel Angel"]
[Result "0-1"]
[WhiteElo "2095"]
[BlackElo "2254"]
[PlyCount "56"]
[EventDate "2009.11.22"]
[EventType "team"]
[EventRounds "14"]
[EventCountry "ESP"]
[Source "lmi"]
[SourceDate "2009.11.22"]

1. e4 c5 2. c3 d5 3. exd5 Qxd5 4. d4 e6 5. Nf3 Nf6 6. Be2 cxd4 7. cxd4 Be7 8.
Nc3 Qd8 9. Ne5 O-O 10. Bf3 Nbd7 11. O-O Nb6 12. Re1 h6 13. Na4 Nbd5 14. Nc5 b6
15. Nc6 Qd6 16. Nxe7+ Qxe7 17. Nd3 Bb7 18. Ne5 Rac8 19. Bd2 Rc7 20. Qa4 a6 21.
Rac1 Rfc8 22. Rxc7 Qxc7 23. Bd1 Ne7 24. Qb3 Nf5 25. Bc3 Nd5 26. Bf3 Nxc3 27.
Bxb7 Ne2+ 28. Kf1 Qxb7 0-1

[Event "Liga Madrid 2009-2010 Division de Honor"]
[Site "Madrid ESP"]
[Date "2009.11.22"]
[Round "1.26"]
[White "Paredes Sanchez, Juan"]
[Black "De La Rosa Bretin, Adrian"]
[Result "1-0"]
[WhiteElo "2200"]
[BlackElo "1795"]
[PlyCount "73"]
[EventDate "2009.11.22"]
[EventType "team"]
[EventRounds "14"]
[EventCountry "ESP"]
[Source "lmi"]
[SourceDate "2009.11.22"]

1. e4 e5 2. Nf3 Nf6 3. Nxe5 d6 4. Nf3 Nxe4 5. Bd3 Nf6 6. h3 Be7 7. O-O O-O 8.
c3 c5 9. Bc2 Nc6 10. d4 cxd4 11. Nxd4 Ne5 12. Re1 Re8 13. Nd2 h6 14. Nf1 Bd7
15. Ng3 Bf8 16. Ndf5 Ng6 17. Be3 Bc6 18. Qd4 Nd5 19. Bd2 Qf6 20. Qg4 Rxe1+ 21.
Rxe1 Qd8 22. c4 Nf6 23. Qd4 d5 24. c5 Ne4 25. Nxe4 dxe4 26. Nd6 Qh4 27. Bc3 Nf4
28. Bxe4 Qg5 29. Kh2 Ne6 30. Qc4 Bxd6+ 31. cxd6 Qf4+ 32. Kg1 Qxd6 33. Bxc6 bxc6
34. Qg4 g6 35. Qh4 Kh7 36. Qf6 Rg8 37. Qxf7+ 1-0

[Event "Liga Madrid 2009-2010 Division de Honor"]
[Site "Madrid ESP"]
[Date "2009.11.22"]
[Round "1.31"]
[White "Gallardo Garcia, Andres"]
[Black "Moreno Ruiz, Javier"]
[Result "1/2-1/2"]
[WhiteElo "2418"]
[BlackElo "2459"]
[PlyCount "29"]
[EventDate "2009.11.22"]
[EventType "team"]
[EventRounds "14"]
[EventCountry "ESP"]
[Source "lmi"]
[SourceDate "2009.11.22"]

1. e4 c5 2. Nf3 g6 3. c3 d5 4. exd5 Qxd5 5. d4 Bg7 6. Na3 Nf6 7. Bc4 Qe4+ 8.
Qe2 Qxe2+ 9. Kxe2 O-O 10. dxc5 Nbd7 11. Rd1 Nxc5 12. Nb5 Be6 13. Bxe6 Nxe6 14.
Be3 a6 15. Nbd4 1/2-1/2

[Event "Liga Madrid 2009-2010 Division de Honor"]
[Site "Madrid ESP"]
[Date "2009.11.22"]
[Round "1.32"]
[White "De La Fuente Gonzalez, Francisco"]
[Black "Candela Perez, Jose"]
[Result "1/2-1/2"]
[WhiteElo "2237"]
[BlackElo "2416"]
[PlyCount "95"]
[EventDate "2009.11.22"]
[EventType "team"]
[EventRounds "14"]
[EventCountry "ESP"]
[Source "lmi"]
[SourceDate "2009.11.22"]

1. c4 g6 2. e4 Bg7 3. d4 c5 4. Nf3 d6 5. Nc3 Bg4 6. d5 Nf6 7. Be2 O-O 8. O-O
Bxf3 9. Bxf3 Na6 10. Bf4 Nd7 11. Qd2 Nc7 12. Bh6 Bxh6 13. Qxh6 e5 14. h4 f5 15.
h5 Qf6 16. hxg6 hxg6 17. g4 f4 18. g5 Qg7 19. Qh3 Qe7 20. Qg4 Rf7 21. Kg2 Nf8
22. Rh1 Nh7 23. Rh6 Rg7 24. Rah1 a6 25. Kf1 Nxg5 26. Bd1 Rf8 27. Rg1 Nh7 28.
Rxg6 Ne8 29. Ba4 Rxg6 30. Qxg6+ Ng7 31. Qe6+ Rf7 32. Be8 Qxe6 33. dxe6 Re7 34.
Bf7+ Rxf7 35. exf7+ Kxf7 36. Nd5 Ne6 37. Ke2 Nhg5 38. Nc3 Kf6 39. Rh1 Kg7 40.
Rh5 Nd4+ 41. Kd3 Ngf3 42. Rh1 Ng5 43. a3 b5 44. b4 Nge6 45. Rg1+ Kf7 46. Rh1
Kg7 47. Rg1+ Kf7 48. Rh1 1/2-1/2

[Event "Liga Madrid 2009-2010 Division de Honor"]
[Site "Madrid ESP"]
[Date "2009.11.22"]
[Round "1.33"]
[White "Taboas Rodriguez, Daniel"]
[Black "Sanchez-Alarcos Galian, Victor"]
[Result "1-0"]
[WhiteElo "2359"]
[BlackElo "2149"]
[PlyCount "88"]
[EventDate "2009.11.22"]
[EventType "team"]
[EventRounds "14"]
[EventCountry "ESP"]
[Source "lmi"]
[SourceDate "2009.11.22"]

1. d4 Nf6 2. Nf3 e6 3. c4 b6 4. Nc3 Bb4 5. Qc2 Bb7 6. a3 Bxc3+ 7. Qxc3 O-O 8.
g3 c5 9. dxc5 bxc5 10. Bg2 Qb6 11. Be3 Ng4 12. Bf4 d5 13. cxd5 exd5 14. O-O d4
15. Qc2 Nd7 16. b4 cxb4 17. axb4 Rfe8 18. Qd2 Nde5 19. Nxe5 Nxe5 20. Bxb7 Qxb7
21. Qxd4 Nc6 22. Qd5 Rad8 23. Qf3 Rd7 24. e3 Nxb4 25. Qxb7 Rxb7 26. Rfb1 Re6
27. Kg2 h6 28. h4 Reb6 29. Rd1 Nc6 30. Rac1 a5 31. Rd6 Ne7 32. Rd8+ Kh7 33. Ra8
Nc6 34. h5 f6 35. e4 Ra7 36. Rxc6 Rxa8 37. Rxb6 a4 38. Rb2 Ra7 39. Kf3 g6 40.
Be3 Re7 41. hxg6+ Kxg6 42. Ra2 f5 43. exf5+ Kxf5 44. Rxa4 h5 1-0

[Event "Liga Madrid 2009-2010 Division de Honor"]
[Site "Madrid ESP"]
[Date "2009.11.22"]
[Round "1.34"]
[White "Arauz Alonso, Fernando"]
[Black "Prieto Martin, Alfonso"]
[Result "1-0"]
[WhiteElo "2140"]
[BlackElo "2212"]
[PlyCount "119"]
[EventDate "2009.11.22"]
[EventType "team"]
[EventRounds "14"]
[EventCountry "ESP"]
[Source "lmi"]
[SourceDate "2009.11.22"]

1. d4 e6 2. Nf3 Nf6 3. e3 b6 4. Bd3 Bb7 5. O-O d5 6. b3 Nbd7 7. Bb2 Be7 8. Nbd2
O-O 9. Ne5 Nxe5 10. dxe5 Ne4 11. Nxe4 dxe4 12. Bc4 Qxd1 13. Rfxd1 Rfd8 14. Kf1
a6 15. a3 b5 16. Be2 Bd5 17. c4 bxc4 18. bxc4 Bc6 19. Bd4 Ba4 20. Rdb1 Rdb8 21.
c5 Bb5 22. a4 Bxe2+ 23. Kxe2 Kf8 24. c6 Rb4 25. Rxb4 Bxb4 26. Rb1 a5 27. f3
exf3+ 28. gxf3 Ke7 29. Rc1 f6 30. f4 Rb8 31. Kd3 Kf7 32. Rb1 Rd8 33. Kc4 Rd5
34. e4 Rd8 35. Bc3 Bxc3 36. Kxc3 fxe5 37. fxe5 g5 38. Rb7 Rc8 39. Kd3 Kg6 40.
Ke3 Kh5 41. Rb5 Kg4 42. Rxa5 Kh3 43. Rb5 Kxh2 44. Rb2+ Kg3 45. Rb1 Kg2 46. Rb2+
Kh3 47. Rb1 g4 48. Rh1+ Kg2 49. Rxh7 g3 50. Rg7 Kh2 51. Rg6 Rh8 52. Rxe6 g2 53.
Rg6 g1=Q+ 54. Rxg1 Kxg1 55. Kf4 Rf8+ 56. Kg5 Kf2 57. e6 Ke3 58. e7 Re8 59. Kf6
Kxe4 60. Kf7 1-0

[Event "Liga Madrid 2009-2010 Division de Honor"]
[Site "Madrid ESP"]
[Date "2009.11.22"]
[Round "1.35"]
[White "Cesar Benavides, Juan Antonio"]
[Black "Sanchez Naranjo, Jose Manuel"]
[Result "0-1"]
[WhiteElo "2175"]
[BlackElo "2090"]
[PlyCount "76"]
[EventDate "2009.11.22"]
[EventType "team"]
[EventRounds "14"]
[EventCountry "ESP"]
[Source "lmi"]
[SourceDate "2009.11.22"]

1. d4 Nf6 2. c4 g6 3. Nf3 Bg7 4. Nc3 O-O 5. e4 d6 6. Be2 e5 7. d5 a5 8. h4 Na6
9. Nd2 h5 10. Nf3 Nc5 11. Bg5 Bd7 12. Nd2 Qe8 13. Bxf6 Bxf6 14. Nf1 Qe7 15. Ne3
Bxh4 16. Bxh5 Kg7 17. Bg4 Bg5 18. Bxd7 Bxe3 19. fxe3 Qxd7 20. Qe2 Rh8 21. Rf1
Qe7 22. O-O-O Raf8 23. Kc2 Qg5 24. Rf2 Rh4 25. Qf3 Rg4 26. Rdf1 f6 27. a3 Rg3
28. Qd1 Rxe3 29. Qd2 Qg3 30. Rf3 Rxf3 31. gxf3 Rh8 32. Rf2 Qf4 33. Qd1 Rh2 34.
Qg1 Rxf2+ 35. Qxf2 f5 36. b4 axb4 37. axb4 Nxe4 38. Qa7 Qd2+ 0-1

[Event "Liga Madrid 2009-2010 Division de Honor"]
[Site "Madrid ESP"]
[Date "2009.11.22"]
[Round "1.36"]
[White "Ruiz Martin, Juan"]
[Black "Nunez Gutierrez, Juan Carlos"]
[Result "1/2-1/2"]
[WhiteElo "2037"]
[BlackElo "2101"]
[PlyCount "51"]
[EventDate "2009.11.22"]
[EventType "team"]
[EventRounds "14"]
[EventCountry "ESP"]
[Source "lmi"]
[SourceDate "2009.11.22"]

1. e4 e5 2. Nf3 Nf6 3. Nxe5 d6 4. Nf3 Nxe4 5. d4 d5 6. Bd3 Bg4 7. h3 Bh5 8. c4
Nc6 9. g4 Bg6 10. a3 h5 11. g5 h4 12. Be3 Be7 13. Nc3 Nxc3 14. bxc3 Bh5 15. Rg1
Qd7 16. cxd5 Qxd5 17. Be2 Qf5 18. Nxh4 Qxh3 19. Bxh5 Qxh4 20. Bxf7+ Kxf7 21.
Qb3+ Ke8 22. Qxb7 Kd7 23. Qb5 Rab8 24. Qf5+ Ke8 25. Qg6+ Kd7 26. Qf5+ 1/2-1/2

[Event "Liga Madrid 2009-2010 Division de Honor"]
[Site "Madrid ESP"]
[Date "2009.11.22"]
[Round "1.41"]
[White "Moreno Carnero, Javier"]
[Black "Solaesa Navalpotro, Luis Julio"]
[Result "1-0"]
[WhiteElo "2518"]
[BlackElo "2224"]
[PlyCount "105"]
[EventDate "2009.11.22"]
[EventType "team"]
[EventRounds "14"]
[EventCountry "ESP"]
[Source "lmi"]
[SourceDate "2009.11.22"]

1. e4 e5 2. Nf3 Nc6 3. Bb5 a6 4. Bxc6 dxc6 5. Nc3 f6 6. d4 exd4 7. Nxd4 c5 8.
Nde2 Qxd1+ 9. Nxd1 Bd6 10. Bf4 Be6 11. Bxd6 cxd6 12. Ne3 Ne7 13. O-O-O O-O-O
14. Nf4 Bf7 15. h4 Kc7 16. g4 Kc6 17. Rd2 Rhg8 18. f3 Ng6 19. Nfd5 Bxd5 20.
Nxd5 Rgf8 21. h5 Ne5 22. Ne7+ Kc7 23. f4 Nc6 24. Nf5 Rf7 25. Rhd1 Rfd7 26. c3
b5 27. Kc2 g6 28. Ne3 Ne7 29. h6 Kc6 30. g5 f5 31. exf5 gxf5 32. Nd5 Nxd5 33.
Rxd5 Rf8 34. b3 Rff7 35. c4 b4 36. a3 a5 37. Re1 bxa3 38. Ra1 Kb6 39. Rxa3 Rf8
40. Ra1 Rff7 41. Re1 Kc6 42. Re8 Kb7 43. Rd1 Kc6 44. Rd5 Kb7 45. Kd2 Kc6 46.
Re6 Rf8 47. Rd3 Rff7 48. Ke2 Rf8 49. Kf3 Kc7 50. Kg3 Rff7 51. Kh4 Rd8 52. Kh5
Rfd7 53. Rf6 1-0

[Event "Liga Madrid 2009-2010 Division de Honor"]
[Site "Madrid ESP"]
[Date "2009.11.22"]
[Round "1.42"]
[White "Fraga Castro, Jose Carlos"]
[Black "Gallego Jimenez, Victoriano"]
[Result "1-0"]
[WhiteElo "2220"]
[BlackElo "2421"]
[PlyCount "72"]
[EventDate "2009.11.22"]
[EventType "team"]
[EventRounds "14"]
[EventCountry "ESP"]
[Source "lmi"]
[SourceDate "2009.11.22"]

1. b3 e5 2. Bb2 Nc6 3. Nf3 e4 4. Nd4 Nxd4 5. Bxd4 Nh6 6. e3 d5 7. d3 exd3 8.
Bxd3 Qg5 9. Qf3 Bg4 10. Qg3 Bd6 11. f4 Qh5 12. h3 O-O-O 13. O-O Be2 14. Qg5 f6
15. Qxh5 Bxh5 16. Nd2 Bg6 17. g4 Rhe8 18. f5 Bf7 19. Kf2 c5 20. Bb2 Be5 21.
Bxe5 Rxe5 22. Rfe1 Ng8 23. e4 Ne7 24. Nf3 Nc6 25. Nxe5 Nxe5 26. exd5 Bxd5 27.
Rad1 Bc6 28. Bf1 Rh8 29. Bg2 Bxg2 30. Kxg2 Kc7 31. Kg3 b6 32. g5 Re8 33. h4 Kc6
34. Kf4 Re7 35. Re4 b5 36. Rd8 c4 1-0

[Event "Liga Madrid 2009-2010 Division de Honor"]
[Site "Madrid ESP"]
[Date "2009.11.22"]
[Round "1.43"]
[White "Elguezabal Varela, Daniel"]
[Black "Ramirez Garcia, Jorge Alberto"]
[Result "0-1"]
[WhiteElo "2377"]
[BlackElo "2175"]
[PlyCount "52"]
[EventDate "2009.11.22"]
[EventType "team"]
[EventRounds "14"]
[EventCountry "ESP"]
[Source "lmi"]
[SourceDate "2009.11.22"]

1. d4 e6 2. Nf3 Nf6 3. e3 c5 4. Bd3 Nc6 5. O-O d6 6. c4 g6 7. Nc3 Bg7 8. d5
exd5 9. cxd5 Ne7 10. h3 O-O 11. e4 h6 12. Bf4 g5 13. Bh2 Ng6 14. Nd2 g4 15.
hxg4 Nxg4 16. Bg3 Be5 17. f4 Bd4+ 18. Kh1 Ne3 19. Qh5 Bg4 20. Qxh6 Bg7 21. Qh2
Bxc3 22. bxc3 Kg7 23. Qg1 Rh8+ 24. Bh2 Nxf1 25. Rxf1 Qf6 26. Nc4 Rxh2+ 0-1

[Event "Liga Madrid 2009-2010 Division de Honor"]
[Site "Madrid ESP"]
[Date "2009.11.22"]
[Round "1.44"]
[White "Mansilla Tolosa, Luis"]
[Black "Rojo Huerta, Gabriel"]
[Result "1/2-1/2"]
[WhiteElo "2099"]
[BlackElo "2374"]
[PlyCount "153"]
[EventDate "2009.11.22"]
[EventType "team"]
[EventRounds "14"]
[EventCountry "ESP"]
[Source "lmi"]
[SourceDate "2009.11.22"]

1. d4 d5 2. c4 e6 3. g3 Nf6 4. Bg2 Be7 5. Nf3 O-O 6. O-O c6 7. Qc2 b6 8. b3 Bb7
9. Bb2 Na6 10. e3 Rc8 11. Nc3 c5 12. Ne5 cxd4 13. exd4 Qc7 14. Qe2 dxc4 15.
bxc4 Bxg2 16. Kxg2 Rfd8 17. Qf3 Re8 18. Nb5 Qb8 19. Nc6 Qa8 20. Nbxa7 Rc7 21.
Nxe7+ Rcxe7 22. Qxa8 Rxa8 23. Nb5 Rd7 24. Rfd1 Nb4 25. a3 Nc6 26. d5 Na5 27.
dxe6 Rxd1 28. exf7+ Kxf7 29. Rxd1 Nxc4 30. Nd6+ Nxd6 31. Rxd6 Rb8 32. Bxf6 gxf6
33. Kf3 Ra8 34. Rxb6 Rxa3+ 35. Kg4 Ra2 36. Kf3 h5 37. h4 Kg6 38. Re6 Rb2 39.
Re2 Rb3+ 40. Kg2 Rc3 41. f3 Kf5 42. Kf2 Ra3 43. Rd2 Ra5 44. Rd4 Ra2+ 45. Ke3
Ra3+ 46. Rd3 Ra5 47. Rc3 Rb5 48. Kd4 Rb4+ 49. Rc4 Rb3 50. Rc5+ Kg6 51. Ke4 Rb4+
52. Kd3 Rb3+ 53. Rc3 Rb2 54. Ke3 Rb4 55. Rd3 Rb1 56. Rd4 Re1+ 57. Kf4 Rf1 58.
Rd5 Rh1 59. Rd8 Rh2 60. Rg8+ Kf7 61. Rc8 Kg6 62. Rh8 Rh1 63. Ke3 Rh2 64. Rd8
Rh1 65. Rd2 Kf5 66. Rg2 Ke5 67. Re2 Kf5 68. Kf2 Rh2+ 69. Kf1 Rh1+ 70. Kg2 Rb1
71. Rc2 Rb5 72. Rc3 Rb4 73. Kh3 Rb5 74. Rc4 Rb3 75. Rc5+ Kg6 76. Rc4 Rxf3 77.
Rc6 1/2-1/2

[Event "Liga Madrid 2009-2010 Division de Honor"]
[Site "Madrid ESP"]
[Date "2009.11.22"]
[Round "1.45"]
[White "Navarro Nicolas, Victor Manuel"]
[Black "Garcia Ruido, Ricardo"]
[Result "1-0"]
[WhiteElo "2228"]
[BlackElo "2053"]
[PlyCount "47"]
[EventDate "2009.11.22"]
[EventType "team"]
[EventRounds "14"]
[EventCountry "ESP"]
[Source "lmi"]
[SourceDate "2009.11.22"]

1. d4 d5 2. c4 e6 3. Nf3 c5 4. cxd5 exd5 5. Nc3 Nf6 6. Bf4 Nc6 7. e3 cxd4 8.
Nxd4 Bb4 9. Bb5 Bd7 10. O-O O-O 11. Rc1 Rc8 12. Nxc6 Bxc6 13. Bd3 Ne4 14. Ne2
Re8 15. Nd4 Qf6 16. Qh5 Bd6 17. Bxd6 Qxd6 18. Rc2 Re5 19. Qg4 Rce8 20. f4 R5e6
21. Nxe6 Rxe6 22. Rd1 Nc5 23. Qh3 h6 24. Bf5 1-0

[Event "Liga Madrid 2009-2010 Division de Honor"]
[Site "Madrid ESP"]
[Date "2009.11.22"]
[Round "1.46"]
[White "Cobo Diego, Fidel"]
[Black "Barez Menendez, Hector"]
[Result "1/2-1/2"]
[WhiteElo "2082"]
[BlackElo "2144"]
[PlyCount "55"]
[EventDate "2009.11.22"]
[EventType "team"]
[EventRounds "14"]
[EventCountry "ESP"]
[Source "lmi"]
[SourceDate "2009.11.22"]

1. e4 e5 2. Nf3 Nf6 3. Nxe5 d6 4. Nf3 Nxe4 5. Nc3 Nxc3 6. dxc3 Be7 7. Bf4 Bg4
8. Be2 Nc6 9. Qd2 Qd7 10. O-O-O a6 11. Rhe1 O-O-O 12. Kb1 Kb8 13. h3 Be6 14.
Nd4 Nxd4 15. cxd4 d5 16. Be5 f6 17. Bg3 Bd6 18. Bxd6 Qxd6 19. Bf3 Bf7 20. Re3
Rhe8 21. Rde1 Rxe3 22. Rxe3 Re8 23. a3 Rxe3 24. Qxe3 Qe6 25. Qxe6 Bxe6 26. h4
Kc8 27. Kc1 Kd7 28. Kd2 1/2-1/2

[Event "Liga Madrid 2009-2010 Division de Honor"]
[Site "Madrid ESP"]
[Date "2009.11.29"]
[Round "2.11"]
[White "Almagro Llamas, Pablo"]
[Black "Serrano Salvador, Eduardo"]
[Result "1-0"]
[WhiteElo "2453"]
[BlackElo "2319"]
[PlyCount "51"]
[EventDate "2009.11.22"]
[EventType "team"]
[EventRounds "14"]
[EventCountry "ESP"]
[Source "lmi"]
[SourceDate "2009.11.22"]

1. e4 c5 2. Nf3 e6 3. d4 cxd4 4. Nxd4 Nc6 5. Nc3 Qc7 6. g3 a6 7. Bg2 d6 8. O-O
Bd7 9. a4 Nf6 10. Nb3 Be7 11. a5 Ne5 12. Qe2 Nc4 13. f4 h5 14. h3 Rc8 15. Bf3
e5 16. Bg2 b5 17. axb6 Qxb6+ 18. Kh1 h4 19. g4 exf4 20. Bxf4 Nxb2 21. e5 dxe5
22. Bxe5 O-O 23. g5 Rfe8 24. gxf6 Bxf6 25. Nd5 Rxe5 26. Qxe5 1-0